000 00568nam a2200229Ia 4500
003 OSt
005 20220918201003.0
006 a|||||r|||| 00| 0
007 ta
008 220917b |||||||| |||| 00| 0 eng d
024 _a91,092
037 _cTextual
040 _aARTS
_cARTS
_beng
041 _2eng
_aeng
082 _aVz7, J51 (TTV)
100 _aNamier Sir Lewis
_996260
245 0 _aPersonalities and powers
260 _c1955
650 _aHISTORY
942 _hVz7, J51 (TTV)
_cTEXL
_2CC
999 _c214752
_d214752